| 000 | 01011cam a22002777a 4500 | ||
|---|---|---|---|
| 003 | MX-MxUPN | ||
| 005 | 20231115063604.0 | ||
| 008 | 231017s2012 mx|a|||br|||| 000 0 spa d | ||
| 020 | _a9786079200398 | ||
| 040 |
_aMX-MxUPN _bspa |
||
| 041 | 0 |
_aspa _anai |
|
| 050 | 4 |
_aLC1099.5 M6 _bD47 2012 |
|
| 245 |
_aDe recursos, bosques y animales : _blas narraciones de niñas y niños indígenas y migrantes |
||
| 250 | _aPrimera edición | ||
| 260 |
_aMéxico, D.F. : _bSecretaría de Educación Pública, _c2012 |
||
| 300 |
_a115 páginas : _bilustraciones a color |
||
| 650 | 4 |
_911951 _aEducación multicultural _zMéxico |
|
| 650 | 4 |
_aNaturaleza _vLiteratura infantil _921998 |
|
| 650 | 4 |
_950620 _aLiteratura infantil _vConcursos |
|
| 650 | 7 |
_945583 _aLibros de lectura |
|
| 650 | 4 |
_aHijos de migrantes internos _xEducación _zMéxico _927662 |
|
| 700 | 1 |
_950622 _aGómez Rivera, Patricia _ecoordinación |
|
| 902 |
_aGCH171023 _bVíctorGodínez/141123 |
||
| 942 |
_2lcc _cLIBRO |
||
| 999 |
_c210489 _d210489 |
||